<?xml version="1.0" encoding="UTF-8"?>
<record
    xmlns:xsi="http://www.w3.org/2001/XMLSchema-instance"
    xsi:schemaLocation="http://www.loc.gov/MARC21/slim http://www.loc.gov/standards/marcxml/schema/MARC21slim.xsd"
    xmlns="http://www.loc.gov/MARC21/slim">

  <leader>01836nam a2200289Ia 4500</leader>
  <controlfield tag="001">F4094</controlfield>
  <controlfield tag="003">IT-RoPAU</controlfield>
  <controlfield tag="008">130308s9999    xx            000 0 und d</controlfield>
  <datafield tag="040" ind1=" " ind2=" ">
    <subfield code="a">IT-RoPAU</subfield>
  </datafield>
  <datafield tag="040" ind1=" " ind2=" ">
    <subfield code="c">IT-RoPAU</subfield>
  </datafield>
  <datafield tag="041" ind1=" " ind2=" ">
    <subfield code="a">ITALIANO</subfield>
  </datafield>
  <datafield tag="100" ind1=" " ind2=" ">
    <subfield code="a">Garzya Antonio</subfield>
  </datafield>
  <datafield tag="100" ind1=" " ind2=" ">
    <subfield code="g">Codice Aut. SPICS: 51386</subfield>
  </datafield>
  <datafield tag="245" ind1=" " ind2=" ">
    <subfield code="a">Parola e la scena (La). Studi sul teatro antico da Eschilo a Plauto</subfield>
  </datafield>
  <datafield tag="245" ind1=" " ind2=" ">
    <subfield code="b">Parola e la scena (La). Studi Sul Teatro Antico da Eschilo a Plauto</subfield>
  </datafield>
  <datafield tag="250" ind1=" " ind2=" ">
    <subfield code="a">1a ed.</subfield>
  </datafield>
  <datafield tag="260" ind1=" " ind2=" ">
    <subfield code="a">NAPOLI</subfield>
  </datafield>
  <datafield tag="260" ind1=" " ind2=" ">
    <subfield code="b">Bibliopolis</subfield>
  </datafield>
  <datafield tag="260" ind1=" " ind2=" ">
    <subfield code="c">1997 [1&#xB0; Ed.:1997 - Ed.Ling.Originale:1997]</subfield>
  </datafield>
  <datafield tag="300" ind1=" " ind2=" ">
    <subfield code="a">"412 p. (prefazione: no ; testo: 412 [pagine: 0-0])"</subfield>
  </datafield>
  <datafield tag="500" ind1=" " ind2=" ">
    <subfield code="a">Nutrita Serie di ricerche teatrali Ordinate per buona parte Secondo Due Direttrici: Dimensione del Tragico e Drammaturgia. da una parte Stanno Alcunidrammi di Eschilo, Anche di quelli Giunti in Frammenti, Dall'Altra forme Compositive Quali L'Ecphrasis, L'Ironia, Il Dialogo Incastrato... Altri Studi Riguardano la commedia Nuova, Il Teatro Romano, Il Christus Patiens. Gorgia e L'Apath della Tragedia. ironia Tragica nel Teatro Greco del V Secolo A.C. Temistio e I primordi della Tragedia. Cronologia del Christus Patiens. Di Eschilo: sette a Tebe, Niobe, Mirmidoni, Frigi, Etnee, Prometeo Incatenato, Persiani e Supplici. Sunesis Come Malattia: Euripide e Ippocrate. Ricognizioni Sull'Alceste di Barcellona. Data e Luogo di rappresentazione dell'Andromaca di Euripide. su Alcuni versi dell'Esodo delle Coefore. Rifacimentodi scena delle Fenicie di Euripide. commedia di Menandro. tosata di Menandro. Sicionio di Menandro e Realt&#xE0; Politica del Tempo. a Proposito dell'interpretazione del Rudens di Plauto. 9 Illustrazioni.</subfield>
  </datafield>
  <datafield tag="650" ind1=" " ind2=" ">
    <subfield code="a">SAGGI DI TEATRO</subfield>
  </datafield>
  <datafield tag="650" ind1=" " ind2=" ">
    <subfield code="e">Codice materia Spics: 8411</subfield>
  </datafield>
  <datafield tag="942" ind1=" " ind2=" ">
    <subfield code="c">BK</subfield>
  </datafield>
  <datafield tag="957" ind1=" " ind2=" ">
    <subfield code="7">1</subfield>
  </datafield>
  <datafield tag="999" ind1=" " ind2=" ">
    <subfield code="c">95247</subfield>
    <subfield code="d">95247</subfield>
  </datafield>
  <datafield tag="999" ind1=" " ind2=" ">
    <subfield code="g">1</subfield>
  </datafield>
  <datafield tag="952" ind1=" " ind2=" ">
    <subfield code="0">0</subfield>
    <subfield code="1">0</subfield>
    <subfield code="4">0</subfield>
    <subfield code="6">F_000000000000000_4094</subfield>
    <subfield code="7">1</subfield>
    <subfield code="a">SPICS</subfield>
    <subfield code="b">SPICS</subfield>
    <subfield code="d">2013-03-08</subfield>
    <subfield code="l">0</subfield>
    <subfield code="o">F4094</subfield>
    <subfield code="r">2013-03-08 00:00:00</subfield>
    <subfield code="w">2013-03-08</subfield>
    <subfield code="y">BK</subfield>
    <subfield code="z">Progressivo inserimento:  56301 /  N. Volumi: 1 Copie: 1  / data import: 1 marzo 2013 - By Epidotti, Trombetti, Vaglietti. </subfield>
  </datafield>
</record>
